Proverbs and Sayings - Statistics

General Stats
  • This quiz has been taken 698 times
  • The average score is 10 of 15
Answer Stats
Hint Answer % Correct
_____ doesn't grow on trees Money
96%
Great minds _____ _____ Think alike
92%
_____ is thicker than water Blood
90%
All's well that ____ ____ Ends well
87%
Out of sight, ___ __ ____ Out of mind
86%
Can't teach and old dog ___ ______ New tricks
81%
Every cloud has a _____ ______ Silver lining
76%
_____ is like a bowl of cherries Life
69%
No ____ for the wicked Rest
64%
All roads lead to ____ Rome
58%
It never rains but __ _____ It pours
55%
___ ____ ________ is not gold All that glitters
44%
_____ goes before a fall Pride
43%
He who laughs last ______ ______ Laughs longest
26%
If wishes were horses, _______ ____ ____ Beggars would ride
8%
No matching quizzes found
Score Distribution
Percent of People with Each Score
Percentile by Number Answered
Your Score History
You have not taken this quiz